По воле Посейдона. Морские приключения в Древнем мире: пер. с англ.; роман

Bibliografiske detaljer
Hovedforfatter: Тартлдав Г. Гарри
Summary:310 г. дон. э. Прошло более десяти лет со смерти Александра Македонского, но тень великого человека все еще господствует над Древним миром.В это неспокойное время торговец Менедем в погоне за богатством предпринимает рискованное морское путешествие от берегов Малой Азии к далекой Италии. Победит ли он в бесчисленных схватках с людьми и с морской стихией? Будет ли благосклонен к нему Посейдон?
Sprog:russisk
Udgivet: Москва, Эксмо, 2008
Serier:Исторический роман
Fag:
Format: MixedMaterials Bog
KOHA link:https://koha.lib.tpu.ru/cgi-bin/koha/opac-detail.pl?biblionumber=179719

MARC

LEADER 00000nam0a2200000 4500
001 179719
005 20231031170513.0
010 |a 9785699292875 
035 |a (RuTPU)RU\TPU\book\194819 
090 |a 179719 
100 |a 20100426d2008 m y0rusy50 ca 
101 1 |a rus  |c eng 
102 |a RU 
105 |a y z 000ay 
200 1 |a По воле Посейдона. Морские приключения в Древнем мире  |e пер. с англ.  |e роман  |f Г. Тартлдав 
210 |a Москва  |a СПб.  |c Эксмо  |c Домино  |d 2008 
215 |a 556 с.  |c ил. 
225 1 |a Исторический роман 
330 |a 310 г. дон. э. Прошло более десяти лет со смерти Александра Македонского, но тень великого человека все еще господствует над Древним миром.В это неспокойное время торговец Менедем в погоне за богатством предпринимает рискованное морское путешествие от берегов Малой Азии к далекой Италии. Победит ли он в бесчисленных схватках с людьми и с морской стихией? Будет ли благосклонен к нему Посейдон? 
610 1 |a американская литература 
610 1 |a романы 
610 1 |a исторические романы 
610 1 |a Древний мир 
610 1 |a античность 
610 1 |a морские путешествия 
675 |a 82  |v 3 
700 1 |a Тартлдав  |b Г.  |g Гарри 
801 1 |a RU  |b 63413507  |c 20100426 
801 2 |a RU  |b 63413507  |c 20100511  |g RCR 
942 |c BK